Basketball Player or Not? - Statistics

General Stats
  • This quiz has been taken 39 times
  • The average score is 6 of 10
Answers on the Grid
Answers color-coded by a green-red scale on the quiz's grid according to % correct below.
Wilt Chamberlain
Jim Brown
George Mikan
Terry Bradshaw
Danny Devito
Jo Jo White
Kareem Abdul Jabaar
George Voskovec
Bronny James
Clyde Drexler
John Williams
Glenn Brown
Ulysses Grant
Gilbert Arenas
Manute Bol
Cole Palmer
Rodney Hood
Johnnie Cochran
Victor Boniface
Buck Williams
 
Answer Stats
Answer % Correct
Wilt Chamberlain
96%
Bronny James
83%
Kareem Abdul Jabaar
83%
Clyde Drexler
70%
Manute Bol
70%
George Mikan
61%
Gilbert Arenas
48%
Buck Williams
39%
Jo Jo White
30%
Rodney Hood
22%
No matching quizzes found
Score Distribution
Percent of People with Each Score
Percentile by Number Answered
Your Score History
You have not taken this quiz